000 00386nam a2200145Ia 4500
008 230917s9999||||xx |||||||||||||| ||und||
040 _e64542
_aMAIN
041 _aEnglish
082 _a320.509 G959H
100 _aGupta, M G
245 0 _aHistory of political thought: from Hobbes to Laski
260 _aAllahabad
_bChaitanya Publishing
_c1975
300 _axi, 506 p.
942 _cBK
999 _c204441
_d204441